|
|
|
|
| LEADER |
00000cam a2200000 7i4500 |
| 001 |
0000002553 |
| 005 |
20030804.0 |
| 020 |
0 |
0 |
|a 9839119826
|
| 090 |
0 |
0 |
|a 338.9595
|b MAL 2003
|
| 110 |
1 |
0 |
|a MALAYSIA. Kementerian Sains, Teknologi dan Alam Sekitar
|
| 245 |
1 |
0 |
|a Dasar Sains dan Teknologi Negara kedua dan Pelan Tindakan .
|l the second National Science and Technology Policy and Plan of Action :
|b persaingan melalui sains, teknologi dan inovasi .
|l competitiveness through science, technology and innovation
|
| 260 |
0 |
0 |
|a Kuala Lumpur :
|b Kementerian Sains, Teknologi dan Alam Sekitar ,
|c 2003
|
| 300 |
|
|
|a 74 p. :
|b ill. ;
|c 26 cm. + CDRom.
|
| 500 |
0 |
0 |
|a Texts in Bahasa Malaysia adn English
|
| 650 |
0 |
0 |
|a Technological innovations
|x Government Policy
|z Malaysia
|
| 650 |
0 |
0 |
|a Technology and state
|z Malaysia
|
| 650 |
0 |
0 |
|a Technology
|x Research
|z Malaysia
|
| 998 |
|
|
|a JPSM
|
| 999 |
|
|
|a 0000004937
|b Monograph
|c Reference
|e Default branch
|
| 999 |
|
|
|a 0000004938
|b Monograph
|c Open Shelf
|e Default branch
|